|
|
|
|
| LEADER |
01993nam a22003494a 4500 |
| 001 |
27878 |
| 003 |
BD-DhAAL |
| 005 |
20140224141942.0 |
| 008 |
140224s2008 bg a b 100 0 eng |
| 010 |
|
|
|a 2009310701
|
| 020 |
|
|
|a 9848104535
|
| 040 |
|
|
|a DLC
|c DLC
|d DLC
|d BD-DhAAL
|
| 050 |
0 |
0 |
|a HN670.3.A8
|b C66 2006
|
| 082 |
|
|
|2 22
|a 338.954
|
| 111 |
2 |
|
|a Commonwealth Secretariat-CIRDAP Workshop on "Sharing Successful Experiences on Poverty Focused Rural Good Governance in Asian Commonwealth Countries"
|d (2006 :
|c CIRDAP)
|9 3868
|
| 245 |
1 |
0 |
|a Poverty focussed rural good governance in Asian Commonwealth countries :
|b Commonwealth Secretariat-CIRDAP Workshop on Sharing Successful Experiences on Poverty Focused Rural Good Governance in Asian Commonwealth Countries : 27-31 May, 2006, CIRDAP, Dhaka, Bangladesh /
|c edited by B. Sudhakar Rao.
|
| 246 |
3 |
0 |
|a Rural good governance in Asian Commonwealth countries
|
| 260 |
|
|
|a Dhaka :
|b Centre on Integrated Rural Development for Asia and the Pacific,
|c 2008.
|
| 300 |
|
|
|a viii, 314 p. :
|b col. ill. ;
|c 26 cm.
|
| 490 |
0 |
|
|a CIRDAP training series ;
|v no. 75
|
| 504 |
|
|
|a Includes bibliographical references.
|
| 520 |
|
|
|a Papers presented at the workshop; with reference to South and Southeast Asian countries; workshop organized by Commonwealth Secretariat and Center on Integrated Rural Development for Asia and the Pacific.
|
| 541 |
|
|
|e 27878
|
| 650 |
|
0 |
|a Rural development
|x Government policy
|z South Asia
|v Congresses.
|9 3869
|
| 650 |
|
0 |
|a Rural development
|x Government policy
|z Southeast Asia
|v Congresses.
|9 3870
|
| 650 |
|
0 |
|a Local government
|z South Asia
|v Congresses.
|9 3871
|
| 700 |
1 |
|
|a Sudhakar Rao, B.
|9 3872
|
| 710 |
2 |
|
|a Center on Integrated Rural Development for Asia and the Pacific.
|9 879
|
| 710 |
2 |
|
|a Commonwealth Secretariat.
|9 3873
|
| 942 |
|
|
|2 ddc
|c BK
|
| 999 |
|
|
|c 14176
|d 14176
|
| 952 |
|
|
|0 0
|1 0
|2 ddc
|4 0
|6 338_954000000000000_POV
|7 0
|9 23916
|a BRACUL
|b BRACUL
|c GEN
|d 2014-02-24
|l 0
|o 338.954 POV
|p 3010027878
|r 2014-02-24
|t 1
|w 2014-02-24
|y BK
|